000 00510nam a2200181Ia 4500
999 _c16825
_d16825
003 OSt
005 20200606120017.0
008 190216s9999||||xx |||||||||||||| ||und||
020 _a8187305126
040 _cMESKC library
082 _a954
_bMAD/S
100 _aMathur, Ananthiprasad
_9246
245 0 _aSamarpith Vyakthithv /
_cAnanthiprasad Mathur
260 _bHindi Pamked Books,
_c2010.
_aDelhi:
300 _a147p
650 _aHindi
942 _cBK
_2ddc
_h954
_iMAD/S
_k954
_mMAD/S